Wymień wszystkie drużyny, które zagrały w Ultralidze - Statystyki

Ogólne statystyki
  • Ten quiz został rozwiązany 33 razy
  • Średni wynik to 22 z 35
Statystyki odpowiedzi
Hint Odpowiedź % Poprawnych
Rogue EC
100%
Orbit Anonymo
94%
Debiut: Sezon 4 7more7 Pompa
90%
Illuminar Gaming
90%
Debiut: Sezon 3 AGO ROGUE
87%
devils.one
87%
Debiut: Sezon 7 Forsaken
87%
Pompa Team
87%
Zero Tenacity
87%
Iron Wolves
77%
Team ESCA Gaming
77%
Debiut: Ultraliga 2024 Spring Back2TheGame
74%
PRIDE
74%
Ultraliga 2024 Summer MattyUSA LODIS
71%
Debiut: Sezon 6 PDW
71%
Debiut: Sezon 0 Akademia
68%
Debiut: Sezon 9 AliorBank Team
68%
K1CK Neosurf
68%
exeed
65%
Goskilla
65%
Szata Maga
65%
Wisła Płock eSports
65%
Grypciocraft
61%
Piast Gliwice Esports
61%
Debiut: Sezon 5 Komil&Friends
58%
Diablo Chairs
55%
Debiut: Sezon 2 AVEZ Esport
45%
Komputronik H34T
45%
Gentlemen's Gaming
42%
Debiut: Sezon 1 ACTINA PACT
39%
R-SIXTEAM
35%
piratesports
32%
Valkiria Esports
19%
Esports Academy
16%
Indictive Esports
16%
Nie znaleziono quizów pasujących do podanych kryteriów
Rozkład punktacji
Procent ludzi z każdym wynikiem
Percentyl według liczby udzielonych odpowiedzi
Twoja historia wyników
Nie rozwiązałeś tego quizu